[Event "SVK-ch op"]
[Site "Banska Stiavnica"]
[Date "2013.07.14"]
[Round "9"]
[White "Dolnak, Michal"]
[Black "Likavsky, Tomas"]
[Result "1/2-1/2"]
[WhiteElo "2167"]
[BlackElo "2458"]
[PlyCount "79"]
[EventDate "2013.07.06"]
[EventType "swiss"]
[EventRounds "9"]
[EventCountry "SVK"]
[SourceTitle "CBM 155 Extra"]
[Source "ChessBase"]
[SourceDate "2013.08.26"]
[SourceVersion "1"]
[SourceVersionDate "2013.08.26"]
[SourceQuality "1"]

1. d4 d6 2. c4 g6 3. Nf3 Bg7 4. g3 Nd7 5. Bg2 e5 6. Nc3 Ne7 7. 0-0 0-0 8. e4 exd4 9. Nxd4 Nc6 10. Nde2 a5 11. b3 a4 12. Be3 Nc5 13. Rc1 Nb4 14. Bd4 axb3 15. axb3 Bg4 16. f3 Be6 17. Bxg7 Kxg7 18. h3 f6 19. Nd4 Bf7 20. f4 c6 21. Kh2 Qb6 22. Rb1 Rfe8 23. Nc2 Na2 24. Na4 Nxa4 25. bxa4 Qc7 26. Qd4 Rxa4 27. Ne3 b5 28. Ng4 Qe7 29. e5 fxe5 30. fxe5 dxe5 31. Qd2 Bxc4 32. Bxc6 Rd8 33. Qh6+ Kh8 34. Bxb5 Bxf1 35. Bxa4 Be2 36. Nxe5 Bd3 37. Rf1 Qg7 38. Qxg7+ Kxg7 39. Rd1 Nc3 40. Rxd3 1/2-1/2

[Event "SVK-ch op"]
[Site "Banska Stiavnica"]
[Date "2013.07.12"]
[Round "7"]
[White "Markos, Jan"]
[Black "Likavsky, Tomas"]
[Result "1-0"]
[WhiteElo "2580"]
[BlackElo "2458"]
[PlyCount "58"]
[EventDate "2013.07.06"]
[EventType "swiss"]
[EventRounds "9"]
[EventCountry "SVK"]
[SourceTitle "CBM 155 Extra"]
[Source "ChessBase"]
[SourceDate "2013.08.26"]
[SourceVersion "1"]
[SourceVersionDate "2013.08.26"]
[SourceQuality "1"]

1. d4 d6 2. c4 g6 3. Nc3 Bg7 4. Nf3 e5 5. d5 f5 6. e4 Nf6 7. exf5 gxf5 8. g3 0-0 9. Bg2 Nbd7 10. 0-0 e4 11. Nd4 Ne5 12. Qb3 Qe8 13. f3 Nd3 14. Nce2 c5 15. Nb5 Qe7 16. Bf4 Nxf4 17. Nxf4 a6 18. Nc3 exf3 19. Bxf3 Ng4 20. Rae1 Ne5 21. Bg2 Rb8 22. a4 b6 23. Qc2 Qg5 24. Ne6 Bxe6 25. dxe6 Rbe8 26. Nd5 Nc6 27. e7 Bd4+ 28. Kh1 Nxe7 29. Nc7 f4 1-0